[Event "FRA-chT2 East 0708"]
[Site "France"]
[Date "2007.11.25"]
[Round "3.7"]
[White "Perot, Gerard"]
[Black "Kuchly, Sylvain"]
[Result "1/2-1/2"]
[WhiteElo "1960"]
[BlackElo "1710"]
[PlyCount "61"]
[EventDate "2007.10.21"]
[EventType "team"]
[EventRounds "11"]
[EventCountry "FRA"]
[SourceTitle "EXT 2009"]
[Source "ChessBase"]
[SourceDate "2008.11.26"]
[SourceVersion "1"]
[SourceVersionDate "2008.11.26"]
[SourceQuality "1"]
[WhiteTeam "Vandoeuvre II"]
[BlackTeam "Saverne"]
[WhiteTeamCountry "FRA"]
[BlackTeamCountry "FRA"]

1. d4 Nf6 2. c4 e5 3. dxe5 Ng4 4. Nf3 Nc6 5. Bf4 Bb4+ 6. Nbd2 Qe7 7. a3 Ngxe5 8. Nxe5 Bxd2+ 9. Qxd2 Nxe5 10. e3 d6 11. Be2 Be6 12. Rc1 0-0-0 13. 0-0 g5 14. Bxe5 dxe5 15. Qa5 Kb8 16. Qxe5 h5 17. c5 f6 18. Qc3 g4 19. Rfd1 h4 20. Rd4 g3 21. Bf3 gxf2+ 22. Kxf2 h3 23. Qb4 Bc8 24. g3 Rhe8 25. Rc3 a5 26. Qc4 Rxd4 27. Qxd4 Rd8 28. Qe4 Rd2+ 29. Kg1 Rd1+ 30. Kf2 Rd2+ 31. Kg1 1/2-1/2

[Event "FRA-chT2 East 0708"]
[Site "France"]
[Date "2007.10.21"]
[Round "1.6"]
[White "Perot, Gerard"]
[Black "Hoffmann, Regis"]
[Result "0-1"]
[WhiteElo "1960"]
[BlackElo "2116"]
[PlyCount "80"]
[EventDate "2007.10.21"]
[EventType "team"]
[EventRounds "11"]
[EventCountry "FRA"]
[SourceTitle "EXT 2009"]
[Source "ChessBase"]
[SourceDate "2008.11.26"]
[SourceVersion "1"]
[SourceVersionDate "2008.11.26"]
[SourceQuality "1"]
[WhiteTeam "Vandoeuvre II"]
[BlackTeam "Mundolsheim"]
[WhiteTeamCountry "FRA"]
[BlackTeamCountry "FRA"]

1. d4 d6 2. c4 g6 3. e4 Bg7 4. Nc3 Nc6 5. Be3 e5 6. Nge2 exd4 7. Nxd4 Nge7 8. Qd2 0-0 9. Be2 a6 10. 0-0 f5 11. f3 f4 12. Bf2 Na5 13. Rac1 g5 14. Nd5 c5 15. Nc2 Be6 16. Ne1 Nxd5 17. exd5 Bf5 18. Nd3 Qd7 19. Ne5 Bxe5 20. b3 Qg7 21. Bd3 h5 22. Bxf5 Rxf5 23. Qd3 Raf8 24. Be1 Bd4+ 25. Kh1 Re5 26. Bc3 Bxc3 27. Qxc3 Rfe8 28. h3 Re2 29. Qd3 Qf6 30. Ra1 R8e3 31. Qd1 Qb2 32. Rg1 Rd2 33. Qf1 Rf2 34. Qb1 Qxb1 35. Raxb1 Rxa2 36. Rbe1 Rb2 37. Rxe3 fxe3 38. Re1 Rxb3 39. Kg1 b5 40. cxb5 axb5 0-1